000 00761nam a2200241 i 4500
001 190597
003 ES-MaACL
005 20250825062637.0
008 220112s2017 xxu 000 j spa d
020 _a9781545467275
080 _a087.5:82
100 1 _aCastillo Morales, Jorge del.
_9174045
245 1 0 _aPrimavera y el cuaderno de bitácora /
_cJorge del Castillo Morales.
250 _a1ª ed.
260 _a[Madrid :
_bJ. del Castillo Morales],
_c2017 (
_eUSA)
300 _a225 p. ;
_c23 cm.
490 1 _aElige tu propia aventura ;
_v2
594 _aEn cub.: A partir de 11 años
655 7 _aLibros infantiles
_2tgfbne
_9226786
830 1 _aElige tu propia aventura ;
_v2
_9193503
852 4 _aES-MaACL
_jN-7856
999 _c190597
_d190597